Statistics for Countries that Start with B with Exceptions

Click here to take the quiz!

General Stats

  • This quiz has been taken 161 times
  • The average score is 9 of 11

Answer Stats

Country% Correct
Belgium
89%
Belize
89%
Bahrain
87%
Benin
87%
Bolivia
87%
Brazil
87%
Bhutan
85%
Brunei
81%
Burundi
81%
Belarus
77%
Bahamas
75%

Score Distribution

Percentile by Number Answered

Percent of People with Each Score

Your Score History

You have not taken this quiz